000 00729nam a2200253Ia 4500
001 9727
005 20240113234225.0
007 ta
008 050728s a g b000 u asm u
040 _aCotton College,Assam
041 _aasm
082 _a891.41928
_bHu 95 Ku
100 _aHusain, Ismail .
245 0 _aKuri Satikar Nobel Bontaprapta Sahityeek: Jivan aru Sahitya /
_cIsmail Husain.
_hTextual Documents
250 _a1st ed. /
260 _aGuwahati :
_bBanalata ,
_c1937.
300 _a199p. :
_bill. ;
_c21cm .
653 _aAssamese Literature
653 _aBiography-Nobel Prize Winner(Literature)
653 _aAssamese Essays
942 _2ddc
_cBK
999 _c9714
_d9714